header

Enzyme-catalyzed electron and radical transfer (Record no. 67185)

MARC details
000 -LEADER
fixed length control field 01318nam a2200325Ia 4500
245 00 - TITLE STATEMENT
Title Enzyme-catalyzed electron and radical transfer
260 ## - PUBLICATION, DISTRIBUTION, ETC. (IMPRINT)
Place of publication New York :
Name of publisher Kluwer Academic/Plenum,
Year of publication c2002.
300 ## - PHYSICAL DESCRIPTION
Number of Pages xxviii, 723 p. :
Other physical details ill.
490 1# - SERIES STATEMENT
Series statement Sub-cellular biochemistry ;
650 #0 - SUBJECT ADDED ENTRY--TOPICAL TERM
Topical Term Prosthetic groups (Enzymes)
Topical Term Oxidation-reduction reaction.
700 1# - ADDED ENTRY--PERSONAL NAME
Personal name Holzenburg, A.
Personal name Scrutton, Nigel S.
856 40 - ELECTRONIC LOCATION AND ACCESS
Uniform Resource Identifier http://site.ebrary.com/lib/rucke/Doc?id=10052590

No items available.

© 2026 Rongo University
Contact us: librarian | system librarian | Rongo university